Effect of Genders Perceptions on Early Childhood Educators' Teaching Practices (Record no. 8522)
[ view plain ]
| 000 -LEADER | |
|---|---|
| fixed length control field | 01401cam a22001934a 4500 |
| 005 - ΗΜΕΡΟΜΗΝΙΑ ΚΑΙ ΩΡΑ ΤΕΛΕΥΤΑΙΑΣ ΕΝΗΜΕΡΩΣΗΣ | |
| Πεδίο ελέγχου | 20250605164338.0 |
| 008 - FIXED-LENGTH DATA ELEMENTS--GENERAL INFORMATION | |
| Πεδίο ελέγχου σταθερού μήκους | 250528s ||||||||||||||||||||||||d |
| 035 ## - SYSTEM CONTROL NUMBER | |
| System control number | 23519 |
| 040 ## - ΠΗΓΗ ΚΑΤΑΛΟΓΟΓΡΑΦΗΣΗΣ | |
| Φορέας πρωτότυπης καταλογογράφησης | MC Athens Campus Library |
| Γλώσσα καταλογογράφησης | Ελληνικά, Μοντέρνα (1453-) |
| Modifying agency | MC Athens Campus Library |
| Κανόνες περιγραφικής καταλογογράφησης | AACR2 |
| 245 1# - ΤΙΤΛΟΣ ΚΑΙ ΔΗΛΩΣΗ ΥΠΕΥΘΥΝΟΤΗΤΑΣ | |
| Τίτλος | Effect of Genders Perceptions on Early Childhood Educators' Teaching Practices |
| 260 ## - PUBLICATION, DISTRIBUTION, ETC. | |
| Date of publication, distribution, etc. | 2018 |
| 300 ## - PHYSICAL DESCRIPTION | |
| Extent | 74 |
| 520 ## - SUMMARY, ETC. | |
| Summary, etc. | Outline of the Research, Review of Literature, Definitions of Gender and Sex, Construction of Gender Identity, Gender Roles and Identity and Teachers' Role, The Effect of Teachers' Perceptions about Gender in Their Practices, Gender Differences in Play and Toys and Children's Preferences, Teachers' Role in Play and Teaching Relating to Gender and Greek Curriculum, Methodology, Research Strategy, Research Tool, Population and Sampling, Ethical Issues, Data Collection, Reliability and Validity, Statement of Results, Figure 1: Results' Scheme, Definitions of Gender and Sex, Construction and Identities, Gender Differences and Children's Preferences, Schooling, Analysis and Discussion, Definitions of Gender and Sex, Construction of Identities, Gender Differences and Children's Preferences, Schooling, Summary and Conclusion, Critical Reflection on Findings, List of Preferences, Appendices. |
| 700 1# - ΠΡΟΣΘΕΤΗ ΑΝΑΓΡΑΦΗ--ΦΥΣΙΚΟ ΠΡΟΣΩΠΟ | |
| Personal name | Rozou Vana |
| 9 (RLIN) | 9091 |
| 700 1# - ΠΡΟΣΘΕΤΗ ΑΝΑΓΡΑΦΗ--ΦΥΣΙΚΟ ΠΡΟΣΩΠΟ | |
| Personal name | Stratogiannakou Vasiliki |
| 9 (RLIN) | 9092 |
| 942 ## - ADDED ENTRY ELEMENTS (KOHA) | |
| Koha item type | Διπλωματική εργασία |
| Τύπος τεκμηρίου | Βιβλιοθήκη | Τρέχουσα τοποθεσία | Barcode | Ημερομηνία απόκτησης | Ταξιθετικό σύμβολο | Αριθμός αντιτύπου | Κατάσταση απόσυρσης | Κατάσταση χαμένου | Κατάσταση κατεστραμμένου | Μη δανεισμός | Σύνολο δανεισμών | Ημερομηνία τελευταίας εμφάνισης | Η τιμή ισχύει από |
|---|---|---|---|---|---|---|---|---|---|---|---|---|---|
| Διπλωματική εργασία | MC Athens Campus Library | MC Athens Campus Library | 9780000085214 | 05/06/2025 | EDU 2018 (19) | 1 | 05/06/2025 | 05/06/2025 |